Consumer protection: law, practice and procedure (Record no. 406005)

000 -LEADER
fixed length control field 00429cam a22001457a 4500
008 - FIXED-LENGTH DATA ELEMENTS--GENERAL INFORMATION
fixed length control field 180718b2006 xxu||||| |||| 00| 0 eng d
020 ## - INTERNATIONAL STANDARD BOOK NUMBER
International Standard Book Number 8190318020
082 ## - DEWEY DECIMAL CLASSIFICATION NUMBER
Classification number T15x54 Ad45
100 ## - MAIN ENTRY--PERSONAL NAME
Personal name Adil, M.S.
245 ## - TITLE STATEMENT
Title Consumer protection: law, practice and procedure
Statement of responsibility, etc. by M.S. Adil
260 ## - PUBLICATION, DISTRIBUTION, ETC.
Place of publication, distribution, etc. New Delhi
Name of publisher, distributor, etc. JBA
Date of publication, distribution, etc. 2006
300 ## - PHYSICAL DESCRIPTION
Extent 562p.
650 ## - SUBJECT ADDED ENTRY--TOPICAL TERM
Topical term or geographic name entry element Consumers - India
650 ## - SUBJECT ADDED ENTRY--TOPICAL TERM
Topical term or geographic name entry element Consumer protection - Law and legislation - India
Holdings
Withdrawn status Lost status Damaged status Not for loan Permanent Location Current Location Date acquired Full call number Barcode Date last seen Price effective from Koha item type
        Indian Institute of Public Administration Indian Institute of Public Administration 2006-10-06 T15x54 Ad45 81360 2018-07-21 2018-07-21 Book

Powered by Koha